000 00650nam a2200217Ii 4500
003 JO-AjNU
008 230606s9999||||xx |||||||||||||| ||und||
020 _a0-03-097395-3
040 _aJO-AjNU
_beng
_erda
_cJO-AjNU
041 _aeng
050 1 4 _aHF5635.W1643 1993
100 3 _aHanson,Ernest I/ Hamre,James C / Walgenbach, Paul H,
_eauthor
_93223
245 0 0 _a Principles of Accounting vol.2
250 _a6th ed
264 3 1 _aFort Worth : The Dryden Press,1993
300 _aVol. 2, Ch 15-28
336 _atext
_btxt
_2rdacontent
337 _aunmediated
_bn
_2rdamedia
338 _avolume
_bnc
_2rdacarrier
650 4 _aAccounting
_93224
999 _aE1687
_c1687
_d1687